Kisebbségek és Kelet-Európa
Elmentve itt :
| Szerző: | |
|---|---|
| Adatforrás: | Meister |
| Forrásdokumentuma: | A Hét. - 2 ; 3 sz., 1994, 3 p. |
| Nyelv: | magyar |
| Kulcsszavak: | politológia kisebbségi kérdés autonómia totalitarizmus demokrácia Balladur-terv Kelet-Európa Románia Európa Tanács |
| LEADER | 00552nab a2200217 i 4500 | ||
|---|---|---|---|
| 001 | bibPRO00004499 | ||
| 008 | 060524s1994 xx hun | ||
| 040 | |a Sz1 | ||
| 041 | |a hun | ||
| 100 | 1 | |a BODÓ Barna | |
| 245 | 1 | 0 | |a Kisebbségek és Kelet-Európa |c BODÓ Barna |
| 695 | |a politológia | ||
| 695 | |a kisebbségi kérdés | ||
| 695 | |a autonómia | ||
| 695 | |a totalitarizmus | ||
| 695 | |a demokrácia | ||
| 695 | |a Balladur-terv | ||
| 695 | |a Kelet-Európa | ||
| 695 | |a Románia | ||
| 695 | |a Európa Tanács | ||
| 773 | 0 | |t A Hét. - |g 2 ; 3 sz., 1994, 3 p. | |